000 00736nam a2200169 4500
999 _c15608
_d15608
008 200929b ||||| |||| 00| 0 eng d
020 _a978-0-00-816791-2
082 _22012
_aDFic
_bR742
100 _aRoth, Veronica
_942250
245 _aInsurgent :
_bOne choice can destroy you /
_cVeronica Roth.
260 _aNew York, New York :
_bHarperCollins Publishers,
_c©2012.
300 _a525 pages ;
_c21 cm.
440 _aDivergent Series
_942251
520 _aAs war surges in the factions of dystopian Chicago all around her, Tris attempts to save those she loves—and herself—while grappling with haunting questions of grief and forgiveness, identity and loyalty, politics and love.
365 _b580.00
_cPhp
942 _2ddc
_cDFIC